• 首页
  • 本馆介绍
  • 公告通知
  • 最新文献
  • 馆藏检索
  • 电子资源
  • 读者导购
  • 参考咨询
  • 我的图书馆
  • 登录
  • 详细信息显示
  • 放入我的书架
  • 预约/预借图书
  • 作者相关作品
  • 分类相关作品
  • 丛书相关作品
  • 出版社相关作品

书目信息

  • 表格格式
  • 工作单格式
  • 卡片格式
题名:
人化的自然
    
 
作者: 徐丽英 著
分册:  
出版信息: 长春   吉林出版集团有限责任公司  2019
页数: 186页
开本: 23cm
丛书名: 马克思主义简明读本系列丛书
单 册:
中图分类: A811.693
科图分类:
主题词: 马克思主义--ma ke si zhu yi--生态学--研究
电子资源:
ISBN: 978-7-5534-2586-3
000 01065nam 2200289 45
001 012001011840
005 20141123103120.0
010    @a978-7-5534-2586-3@dCNY29.70
099    @aCAL 012015116601
100    @a20150911d2014 em y0chiy50 ea
101 0  @achi
102    @aCN@b220000
105    @ay a 000yy
106    @ar
200 1  @a人化的自然@Aren hua de zi ran@f本书著者徐丽英
210    @a长春@c吉林出版集团有限责任公司@d2019
215    @a186页@d23cm
225 2  @a马克思主义简明读本系列丛书@Ama ke si zhu yi jian ming du ben xi lie cong shu@i马克思主义基本原理部分
320    @a有书目 (第180-186页)
330    @a本书共分为五章, 主要内容包括: 西方自然观的历史演变、马克思人化自然观实现的超越、马克思人化自然观的基本内涵、马克思人化自然观的理论特征等。
410  0 @12001 @a马克思主义简明读本系列丛书@i马克思主义基本原理部分
606 0  @a马克思主义@Ama ke si zhu yi@x生态学@x研究
690    @aA811.693@v5
701  0 @a徐丽英@Axu li ying@4著
801  0 @aCN@b上海新华@c20191020
905    @b1184516-9@dA811.693@e357@f4
920    @a100165@z1
    
    人化的自然/本书著者徐丽英.-长春:吉林出版集团有限责任公司,2019
    186页;23cm.-(马克思主义简明读本系列丛书.马克思主义基本原理部分)
    
    
    ISBN 978-7-5534-2586-3:CNY29.70
    本书共分为五章, 主要内容包括: 西方自然观的历史演变、马克思人化自然观实现的超越、马克思人化自然观的基本内涵、马克思人化自然观的理论特征等。
●
相关链接 在E读中查询图书 在五车中查询图书 在当当中查询图书 在豆瓣中查询图书


正题名:人化的自然     索取号:A811.693/357         预约/预借

序号 登录号 条形码 馆藏地/架位号 状态 备注
1 1184516   211845164   第一样本阅览室/ [索取号:A811.693/357] 在馆    
2 1184517   211845173   第一借阅区/ [索取号:A811.693/357] 在馆    
3 1184518   211845182   第一借阅区/ [索取号:A811.693/357] 在馆    
4 1184519   211845191   第一借阅区/ [索取号:A811.693/357] 在馆    
唐山师范学院图书馆 欢迎您!
大连网信软件有限公司© 版权所有